[Event "SEMI A041 email"]
[Site "SEMI email"]
[Date "2003.03.15"]
[Round "?"]
[White "Dould, John"]
[Black "Van Gameren, Marc"]
[Result "1/2-1/2"]
[WhiteElo "1960"]
[BlackElo "2177"]
[PlyCount "37"]
[EventDate "2003.03.15"]
[EventType "tourn (corr)"]
[EventRounds "6"]
[EventCountry "ITA"]
[SourceTitle "Corr 2008"]
[Source "ChessBase"]
[SourceDate "2008.06.24"]
[SourceVersion "1"]
[SourceVersionDate "2008.06.24"]
[SourceQuality "1"]

1. d4 d5 2. c4 dxc4 3. Nf3 Nf6 4. e3 e6 5. Bxc4 c5 6. 0-0 a6 7. Bb3 Nc6 8. Nc3 cxd4 9. exd4 Be7 10. Re1 0-0 11. a3 Na5 12. Bc2 b5 13. d5 Re8 14. Bg5 Nxd5 15. Nxd5 exd5 16. Rxe7 Rxe7 17. Bxe7 Qxe7 18. Qxd5 Bb7 19. Qd3 1/2-1/2

[Event "SEMI Dutch Leningrad fin email"]
[Site "SEMI email"]
[Date "2001.03.15"]
[Round "?"]
[White "Van Gameren, Marc"]
[Black "Marcotulli, Giancarlo"]
[Result "1-0"]
[WhiteElo "2177"]
[BlackElo "2411"]
[PlyCount "57"]
[EventDate "2001.03.15"]
[EventType "tourn (corr)"]
[EventRounds "9"]
[EventCountry "ITA"]
[SourceTitle "Corr 2008"]
[Source "ChessBase"]
[SourceDate "2008.06.24"]
[SourceVersion "1"]
[SourceVersionDate "2008.06.24"]
[SourceQuality "1"]

1. d4 f5 2. g3 Nf6 3. Bg2 d6 4. Nf3 g6 5. 0-0 Bg7 6. c4 0-0 7. Nc3 Qe8 8. d5 Na6 9. Rb1 Bd7 10. b4 Rc8 11. Be3 c5 12. b5 Nc7 13. b6 axb6 14. Rxb6 Ng4 15. Bd2 e6 16. h3 Nf6 17. Rxb7 exd5 18. cxd5 Nfxd5 19. Nxd5 Nxd5 20. Ng5 Nf6 21. Bc3 h6 22. Bd5+ Kh8 23. Nf7+ Rxf7 24. Bxf7 Qxf7 25. Qxd6 Re8 26. Bxf6 Qxf6 27. Qxd7 Rxe2 28. Rd1 Kh7 29. Qd8 1-0

[Event "SEMI Black Knight's Tango-B email"]
[Site "SEMI email"]
[Date "2000.11.15"]
[Round "?"]
[White "Van Gameren, Marc"]
[Black "Zaniratti, Ivano"]
[Result "1/2-1/2"]
[WhiteElo "2243"]
[BlackElo "2043"]
[PlyCount "44"]
[EventDate "2000.11.15"]
[EventType "tourn (corr)"]
[EventRounds "4"]
[EventCountry "ITA"]
[SourceTitle "Corr 2008"]
[Source "ChessBase"]
[SourceDate "2008.06.24"]
[SourceVersion "1"]
[SourceVersionDate "2008.06.24"]
[SourceQuality "1"]

1. d4 Nf6 2. c4 Nc6 3. Nf3 d6 4. Nc3 g6 5. e4 Bg7 6. d5 Nb8 7. Be2 0-0 8. 0-0 Nbd7 9. Be3 Ng4 10. Bd4 Ngf6 11. Qd2 c5 12. Be3 Ng4 13. Bg5 b6 14. Rfe1 Re8 15. h3 Nge5 16. Nxe5 Bxe5 17. a4 a6 18. Bf4 Bd4 19. Be3 Bg7 20. Bh6 Be5 21. Bd1 Rb8 22. Bc2 Bb7 1/2-1/2

[Event "SEMI Dutch Leningrad-A theme"]
[Site "SEMI email"]
[Date "2000.09.20"]
[Round "?"]
[White "Rebaudo, Nino"]
[Black "Van Gameren, Marc"]
[Result "0-1"]
[WhiteElo "1850"]
[BlackElo "2243"]
[PlyCount "92"]
[EventDate "2000.09.20"]
[EventType "tourn (corr)"]
[EventRounds "4"]
[EventCountry "ITA"]
[SourceTitle "Corr 2008"]
[Source "ChessBase"]
[SourceDate "2008.06.24"]
[SourceVersion "1"]
[SourceVersionDate "2008.06.24"]
[SourceQuality "1"]

1. d4 f5 2. g3 Nf6 3. Bg2 d6 4. Nf3 g6 5. 0-0 Bg7 6. c4 0-0 7. Nc3 Nc6 8. d5 Ne5 9. Nxe5 dxe5 10. Qb3 h6 11. c5 Kh8 12. Rd1 g5 13. Bd2 a6 14. Na4 a5 15. Rac1 Qe8 16. c6 b6 17. Bc3 Ne4 18. Bxe4 fxe4 19. Be1 Bf5 20. Nc3 Qf7 21. Nb5 Rac8 22. Rd2 Rfd8 23. Rcd1 Kh7 24. Na3 h5 25. Nc4 Bg6 26. h3 Ra8 27. Qe3 Qf6 28. Qc3 Bf5 29. Kg2 Bh6 30. g4 hxg4 31. hxg4 Bxg4 32. Nxe5 Bf5 33. Qg3 g4 34. e3 Bg7 35. Nc4 Rac8 36. Kg1 Qg5 37. Ne5 Kg8 38. b3 Rd6 39. Nc4 Rh6 40. a3 Qh5 41. Qg2 g3 42. fxg3 Bg4 43. Rb1 Bf3 44. Qh2 Qg5 45. Qxh6 Qxh6 46. Rh2 Qg5 0-1

[Event "SEMI ECT 3-B corr"]
[Site "SEMI email"]
[Date "1999.??.??"]
[Round "?"]
[White "Atienza, Hilario"]
[Black "Van Gameren, Marc"]
[Result "0-1"]
[WhiteElo "1707"]
[BlackElo "1750"]
[PlyCount "44"]
[EventDate "1999.??.??"]
[EventType "tourn (corr)"]
[EventRounds "8"]
[EventCountry "ITA"]
[SourceTitle "Corr 2008"]
[Source "ChessBase"]
[SourceDate "2008.06.24"]
[SourceVersion "1"]
[SourceVersionDate "2008.06.24"]
[SourceQuality "1"]

1. e4 c6 2. d4 d5 3. Nd2 dxe4 4. Nxe4 Nd7 5. Bc4 Ngf6 6. Ng5 e6 7. Qe2 Nb6 8. Bb3 h6 9. N5f3 a5 10. a4 c5 11. Be3 Nbd5 12. Rd1 Nxe3 13. Qxe3 Qc7 14. Ne5 cxd4 15. Qxd4 Bb4+ 16. c3 Bc5 17. Qd8+ Qxd8 18. Rxd8+ Kxd8 19. Nxf7+ Kc7 20. Nxh8 b5 21. Ng6 Rb8 22. Ne5 bxa4 0-1

[Event "SEMI W-ch3 Latvian gam-L corr"]
[Site "SEMI email"]
[Date "1999.??.??"]
[Round "?"]
[White "Van Gameren, Marc"]
[Black "Bertoni, Massimiliano"]
[Result "1-0"]
[WhiteElo "1750"]
[BlackElo "1860"]
[PlyCount "53"]
[EventDate "1999.04.06"]
[EventType "tourn (corr)"]
[EventRounds "6"]
[EventCountry "ITA"]
[SourceTitle "Corr 2008"]
[Source "ChessBase"]
[SourceDate "2008.06.24"]
[SourceVersion "1"]
[SourceVersionDate "2008.06.24"]
[SourceQuality "1"]

1. e4 e5 2. Nf3 f5 3. Nxe5 Qe7 4. Qh5+ g6 5. Nxg6 Qxe4+ 6. Be2 Nf6 7. Qh3 hxg6 8. Qxh8 Qxg2 9. Rf1 Kf7 10. Qh4 Nc6 11. Nc3 b6 12. d3 Nb4 13. Bg5 Nxc2+ 14. Kd2 Nxa1 15. Bxf6 Nb3+ 16. axb3 c5 17. d4 Bb7 18. Re1 Bh6+ 19. Kd1 Bf3 20. Bxf3 Qxf3+ 21. Kc2 Qf4 22. Re7+ Kg8 23. Qxf4 Bxf4 24. Rg7+ Kf8 25. Nd5 Bg5 26. Rh7 Bxf6 27. Nxf6 1-0

[Event "SEMI ECT 3-B corr"]
[Site "SEMI email"]
[Date "1999.??.??"]
[Round "?"]
[White "Van Gameren, Marc"]
[Black "Klein, Robert"]
[Result "1/2-1/2"]
[WhiteElo "1750"]
[BlackElo "1880"]
[PlyCount "78"]
[EventDate "1999.??.??"]
[EventType "tourn (corr)"]
[EventRounds "8"]
[EventCountry "ITA"]
[SourceTitle "Corr 2008"]
[Source "ChessBase"]
[SourceDate "2008.06.24"]
[SourceVersion "1"]
[SourceVersionDate "2008.06.24"]
[SourceQuality "1"]

1. d4 Nf6 2. Nf3 e6 3. Bg5 c5 4. e3 Qb6 5. Nbd2 Qxb2 6. Bd3 d5 7. Bxf6 gxf6 8. c4 Qc3 9. Be2 Nc6 10. cxd5 exd5 11. dxc5 Qxc5 12. 0-0 Rg8 13. Nb3 Qd6 14. Kh1 Be6 15. Nbd4 Rg6 16. Rb1 Nxd4 17. Nxd4 Rh6 18. f4 Qc7 19. Qb3 Bc5 20. Qxb7 Qxb7 21. Rxb7 Bb6 22. Bb5+ Kf8 23. Bc6 Rd8 24. Kg1 f5 25. Rc1 Bc8 26. Rb8 Rhd6 27. Bxd5 Be6 28. Rxd8+ Rxd8 29. Bxe6 Bxd4 30. exd4 fxe6 31. Rc4 a5 32. a4 Ke7 33. Kf2 h5 34. Ke3 Rb8 35. Rc5 Rb3+ 36. Ke2 h4 37. Rb5 Ra3 38. Rxa5 Ra2+ 39. Kd3 Rxg2 1/2-1/2

[Event "SEMI ECT 3-B corr"]
[Site "SEMI email"]
[Date "1999.??.??"]
[Round "?"]
[White "Van Gameren, Marc"]
[Black "Lewis, Matthew"]
[Result "1-0"]
[WhiteElo "1750"]
[BlackElo "1840"]
[PlyCount "131"]
[EventDate "1999.??.??"]
[EventType "tourn (corr)"]
[EventRounds "8"]
[EventCountry "ITA"]
[SourceTitle "Corr 2008"]
[Source "ChessBase"]
[SourceDate "2008.06.24"]
[SourceVersion "1"]
[SourceVersionDate "2008.06.24"]
[SourceQuality "1"]

1. d4 d5 2. c4 c6 3. Nf3 Nf6 4. Nc3 dxc4 5. a4 Bf5 6. e3 e6 7. Bxc4 Bb4 8. 0-0 Nbd7 9. Nh4 Bg4 10. f3 Bh5 11. g4 Bg6 12. e4 0-0 13. g5 Ne8 14. Nxg6 hxg6 15. Be3 e5 16. dxe5 Nxe5 17. Be2 Nd7 18. Qd2 Nd6 19. Bf4 Nb6 20. Rad1 Ndc4 21. Bxc4 Nxc4 22. Qe2 Qb6+ 23. Kh1 Bxc3 24. Qxc4 Qxb2 25. Rb1 b5 26. Qxc6 Rfc8 27. Rxb2 Rxc6 28. axb5 Rcc8 29. Rc2 Bd4 30. Rc6 Rd8 31. Bc7 Re8 32. Rd1 Be3 33. Rd5 Re6 34. Kg2 Rc8 35. Bd6 Rce8 36. Kf1 Bb6 37. Rd3 Rd8 38. Ke2 Kh7 39. Bg3 Re7 40. Rxd8 Bxd8 41. h4 Rb7 42. Rc8 Ba5 43. Rb8 Re7 44. Bf2 Rc7 45. f4 Rd7 46. e5 Re7 47. Be3 Rc7 48. Ra8 Bb6 49. Bxb6 axb6 50. Rb8 Rc4 51. Kf3 Rc3+ 52. Kg4 Rc1 53. Rxb6 Rg1+ 54. Kf3 Rf1+ 55. Ke4 Re1+ 56. Kd5 Rd1+ 57. Kc6 Rd4 58. Ra6 Rc4+ 59. Kb7 Rxf4 60. b6 Rxh4 61. Ka8 Rb4 62. b7 Kg8 63. b8Q+ Rxb8+ 64. Kxb8 Kf8 65. Ra7 Ke8 66. Kc8 1-0